[Event "FIN-chT 2223"]
[White "Remes, Marko"]
[Black "Salvi, Tuomas"]
[Site "Finland"]
[Round "5.8"]
[Result "1-0"]
[Date "2022.11.05"]
[WhiteElo "1948"]
[BlackElo "1805"]
[PlyCount "63"]
[EventDate "2022.09.24"]
[EventType "team-tourn"]
[EventRounds "11"]
[EventCountry "FIN"]
[SourceTitle "EXT 2024"]
[Source "ChessBase"]
[SourceDate "2023.10.10"]
[SourceVersion "1"]
[SourceVersionDate "2023.10.10"]
[SourceQuality "1"]
[WhiteTeam "Jyvaskyla JyS"]
[BlackTeam "Turku TuTS"]
[WhiteTeamCountry "FIN"]
[BlackTeamCountry "FIN"]

1. d4 Nf6 2. c4 g6 3. Nf3 Bg7 4. g3 d6 5. Bg2 0-0 6. 0-0 Nbd7 7. Nc3 c5 8. e3 a6 9. h3 Rb8 10. a4 b6 11. Re1 Bb7 12. d5 Ne8 13. e4 Ne5 14. Nxe5 Bxe5 15. Bf4 Bd4 16. Qd2 e5 17. Bh6 Ng7 18. Ne2 f5 19. Nxd4 cxd4 20. f4 Rf7 21. fxe5 dxe5 22. exf5 Nxf5 23. Rxe5 Qc7 24. Rae1 Nxh6 25. Qxh6 Rbf8 26. b3 d3 27. Qe3 Rf2 28. Qxd3 Rb2 29. Qe3 Rff2 30. Re8+ Kf7 31. Re7+ Kf6 32. Qxf2+ 1-0

[Event "FIN-chT1A 1718"]
[White "Kumpulainen, Kalle"]
[Black "Salvi, Tuomas"]
[Site "Finland"]
[Round "4.8"]
[Result "1-0"]
[Date "2017.12.02"]
[WhiteElo "1994"]
[BlackElo "1718"]
[PlyCount "117"]
[EventDate "2017.09.16"]
[EventType "team-tourn"]
[EventRounds "7"]
[EventCountry "FIN"]
[SourceTitle "EXT 2020"]
[Source "ChessBase"]
[SourceDate "2019.10.17"]
[SourceVersion "1"]
[SourceVersionDate "2019.10.17"]
[SourceQuality "1"]
[WhiteTeam "Vantaa Remi"]
[BlackTeam "Turku TuTS II"]
[WhiteTeamCountry "FIN"]
[BlackTeamCountry "FIN"]

1. e4 c6 2. d4 d5 3. e5 Bf5 4. Nf3 e6 5. Be2 Nd7 6. Nbd2 c5 7. 0-0 Rc8 8. c4 Ne7 9. Re1 a6 10. Qa4 Qb6 11. dxc5 Qxc5 12. cxd5 Bc2 13. Nb3 Bxb3 14. axb3 Nxd5 15. Bd2 N5b6 16. Qf4 Qd5 17. Ng5 Nxe5 18. Bc4 Nbxc4 19. bxc4 Rxc4 20. Rxe5 Rxf4 21. Rxd5 Rc4 22. Rd3 Be7 23. g3 0-0 24. Rc1 Rfc8 25. Rxc4 Rxc4 26. Rd7 Bxg5 27. Bxg5 h6 28. Bd2 b5 29. Kf1 Ra4 30. b4 Ra2 31. Ke2 Ra3 32. Kd1 Ra2 33. Kc1 Kf8 34. Kb1 Ra4 35. Bc3 a5 36. Ra7 axb4 37. Rxa4 bxa4 38. Bxb4+ Ke8 39. Kc2 Kd7 40. Kd3 e5 41. Ba3 Ke6 42. f3 h5 43. Ke3 Kd5 44. Kd3 g5 45. h4 f6 46. Bc1 gxh4 47. gxh4 f5 48. Bb2 Ke6 49. f4 e4+ 50. Kd4 Kd6 51. Bc1 Ke6 52. Kc5 Kf7 53. Kd5 Kf6 54. Kd6 a3 55. Bxa3 e3 56. Bb4 e2 57. Bc3+ Kf7 58. Ke5 Kg6 59. Ke6 1-0

[Event "FIN-chT2 Gp2 1617"]
[White "Lindholm, Jere"]
[Black "Salvi, Tuomas"]
[Site "Finland"]
[Round "6.3"]
[Result "1-0"]
[Date "2017.02.04"]
[WhiteElo "1955"]
[BlackElo "1724"]
[PlyCount "79"]
[EventDate "2016.09.17"]
[EventType "team-tourn"]
[EventRounds "7"]
[EventCountry "FIN"]
[SourceTitle "EXT 2019"]
[Source "ChessBase"]
[SourceDate "2018.10.10"]
[SourceVersion "1"]
[SourceVersionDate "2018.10.10"]
[SourceQuality "1"]
[WhiteTeam "Vantaa EtVaS II"]
[BlackTeam "Turku TuTS III"]
[WhiteTeamCountry "FIN"]
[BlackTeamCountry "FIN"]

1. e4 c6 2. d4 d5 3. e5 Bf5 4. Nf3 h6 5. Nbd2 e6 6. Nb3 Nd7 7. Be3 Rc8 8. c3 Ne7 9. Be2 Be4 10. 0-0 Nf5 11. Bf4 Bxf3 12. Bxf3 c5 13. g4 Nh4 14. Be2 Be7 15. Be3 c4 16. Nd2 0-0 17. f4 f5 18. Nf3 fxg4 19. Nxh4 Bxh4 20. Bxg4 Qe7 21. Qf3 g5 22. Qh3 Rce8 23. f5 exf5 24. Bxf5 Nf6 25. Bg6 Qe6 26. Bf5 Qe7 27. Qg2 Rd8 28. Bf2 Bxf2+ 29. Rxf2 Ne8 30. Raf1 Ng7 31. Bc2 Rxf2 32. Rxf2 Nh5 33. Qg4 Ng7 34. Rf6 Rf8 35. Rxh6 Rf4 36. Qc8+ Rf8 37. Bh7+ Kh8 38. Bg6+ Kg8 39. Qh3 Nf5 40. Rh8+ 1-0

[Event "FIN-ch op"]
[White "Salvi, Tuomas"]
[Black "Louhi, Tapio"]
[Site "Naantali"]
[Round "6"]
[Result "1-0"]
[Date "2013.07.04"]
[WhiteElo "1525"]
[BlackElo "1586"]
[PlyCount "57"]
[EventDate "2013.07.01"]
[EventType "swiss"]
[EventRounds "9"]
[EventCountry "FIN"]
[SourceTitle "EXT 2014"]
[Source "ChessBase"]
[SourceDate "2013.11.20"]
[SourceVersion "1"]
[SourceVersionDate "2013.11.20"]
[SourceQuality "1"]

1. d4 d5 2. c4 c6 3. Nc3 Nf6 4. Bg5 Bf5 5. cxd5 cxd5 6. e3 Nc6 7. a3 Ne4 8. Nxe4 Bxe4 9. Nf3 Bxf3 10. gxf3 Qb6 11. b4 a6 12. Bd3 e5 13. Qb3 f6 14. Bh4 Rd8 15. dxe5 Nxe5 16. Be2 Be7 17. Rd1 Qc6 18. 0-0 d4 19. exd4 Ng6 20. Bg3 Rd5 21. f4 Bd6 22. Bf3 Nxf4 23. Bxf4 Rg5+ 24. Bxg5 Qc7 25. Bh4 Bxh2+ 26. Kg2 h5 27. Rfe1+ Kf8 28. Qe6 Qb8 29. Bd5 1-0